000
00321nam a22001457a 4500
008
210225b ||||| |||| 00| 0 eng d
020
_a
9780030350849
041
_a
eng
080
_2
7th
_a
33
082
_a
33
100
_a
59
101
_a
BUS
245
_a
Bussiner Reasearch Methods
_c
Zikmund, W.G
942
_2
udc
_c
BK
999
_c
55183
_d
55183